000 00250nam a22001097a 4500
003 OSt
008 250117b |||||||| |||| 00| 0 eng d
041 _aeng
100 _aBharat Singh, Gupta
_96962
245 _aText Book of Soil Engneering
942 _cBK
999 _c19053
_d19053